| 000 | 00375nam a22001451a 4500 | ||
|---|---|---|---|
| 020 | _a9788120710719 | ||
| 082 |
_a616.811 4 _bNOS/O |
||
| 100 | _aNossrat Paseschkin | ||
| 245 |
_aOriental stories as tools in psychotherapy/ _cby Nossrat Paseschkin |
||
| 260 |
_aNew Delhi: _bSterling, _c1992. |
||
| 300 | _a168 | ||
| 650 | _aPsychotherapy | ||
| 650 | _aMedicine | ||
| 942 | _cBK | ||
| 999 |
_c32387 _d32387 |
||